[Event "Zagreb open 2019."]
[Site "Zagreb, Croatia"]
[Date "2019.12.07"]
[Round "1.1"]
[White "Kozul, Zdenko"]
[Black "Bender, Zdenko"]
[Result "1-0"]
[WhiteElo "2590"]
[BlackElo "2003"]

1. d4 d5 2. c4 e6 
3. Nf3 Bb4+ 4. Bd2 Be7
5. g3 
Nc6 6. Bg2 dxc4 7. Qa4 
Bd7 8. Qxc4 b5 9. Qc1
Rb8 10.
O-O Nf6 
11. Rd1 O-O 12. Bg5 h6 
13. Bxf6 Bxf6 14. Nc3 Qe8
15. Ne4 
Bd8 16. Qd2 a5 17. Rac1 
Rb6 18. Nc5 Qe7 19. Ne5
Nxe5 20.
dxe5 Bc6 21. Qxa5 Bxg2 
22. Kxg2 f5 23. Nd7 g5
24. Nxf8 Kxf8 25. Qa8 
Ke8 26. Rc3 1-0

[Event "Zagreb open 2019."]
[Site "Zagreb, Croatia"]
[Date "2019.12.07"]
[Round "1.2"]
[White "Balen, Teo"]
[Black "Nikolov, Momchil"]
[Result "0-1"]
[WhiteElo "2002"]
[BlackElo "2533"]

1. d4 Nf6 2. Nc3 d5 
3. Bg5 c5 4. e3 Nc6
5. Qd2 
Bf5 6. a3 e6 7. O-O-O 
cxd4 8. exd4 Qa5 9. Bxf6
gxf6 10.
Qe3 Rc8 
11. Bd3 Bxd3 12. Qxd3 a6 
13. Re1 b5 14. Qf3 Nxd4
15. Qxf6 Rxc3 16. Qxd4 Rxa3
17. Rxe6+ fxe6 18. bxa3 
Qe1+ 19. Kb2 Rg8 20. Nf3
Qxh1 21.
Qb6 Bg7+ 22. c3 Bxc3+ 
23. Kc2 Qxg2 24. Qc6+ Kf8
25. Qc8+ Kg7 26. Qxc3+ 
Kh6 27. Qe3+ Kh5 28. Qf4
Qg4 29.
Qc7 Qc4+ 0-1

[Event "Zagreb open 2019."]
[Site "Zagreb, Croatia"]
[Date "2019.12.07"]
[Round "1.3"]
[White "Stany, G.A."]
[Black "Karlusic, Luka"]
[Result "1/2-1/2"]
[WhiteElo "2526"]
[BlackElo "2000"]

1. e4 e6 2. d4 d5 
3. e5 c5 4. c3 Nc6
5. Nf3 
Qb6 6. a3 a5 7. Bd3 
Bd7 8. Bc2 Nh6 9. O-O
Be7 10.
h3 Rc8 
11. dxc5 Bxc5 12. b4 Be7 
13. Re1 axb4 14. axb4 Nf5
15. Bxf5 exf5 16. Be3 
Qc7 17. Qxd5 O-O 18. Bb6
Qxb6 19.
Qxd7 g6 
20. Qd3 Rfd8 21. Qe2 Na7 
22. Ra5 Bf8 23. Ng5 Nc6
24. Rb5 
Qa6 25. Nd2 Bh6 26. Ndf3 
Re8 27. Qf1 Bxg5 28. Nxg5
Nxe5 29.
Rbxe5 Rxe5 30. Rxe5 Qxf1+ 
31. Kxf1 f6 32. Re7 fxg5
33. Rxb7 Rxc3 34. Ke2 
g4 35. h4 f4 36. b5
Rc2+ 37.
Ke1 g3 
1/2-1/2

[Event "Zagreb open 2019."]
[Site "Zagreb, Croatia"]
[Date "2019.12.07"]
[Round "1.4"]
[White "Kinez, Ivo"]
[Black "Kotronias, Vasilios"]
[Result "0-1"]
[WhiteElo "1998"]
[BlackElo "2506"]

1. e4 c5 2. Nf3 Nc6 
3. d4 cxd4 4. Nxd4 Nf6
5. Nc3 
d6 6. Bg5 e6 7. Qd2 a6
8. O-O-O Bd7 9. f4 
Be7 10. Be2 Qc7 11. Kb1
Rd8 12.
Rhg1 h6 
13. Bxf6 Bxf6 14. Nb3 Bc8 
15. g4 g5 16. Qe3 gxf4
17. Qxf4 Be5 18. Qe3 
Ne7 19. Rg2 Ng6 20. Rf2
Bxc3 21.
bxc3 e5 
22. g5 h5 23. Rf6 Be6 
24. Bf1 Qc8 25. Qb6 O-O
26. Be2 
Qxc3 27. Bxh5 Nf4 28. Rxf4 
exf4 29. Rxd6 Rxd6 30. Qxd6
f3 31.
Nd4 f2 
32. Be2 Qe1+ 33. Kb2 Qxe2 
34. Nxe6 Qb5+ 35. Ka3 Rc8
36. Qd4 
fxe6 0-1

[Event "Zagreb open 2019."]
[Site "Zagreb, Croatia"]
[Date "2019.12.07"]
[Round "1.5"]
[White "Livaic, Leon"]
[Black "Cosic, Radoslav"]
[Result "1-0"]
[WhiteElo "2505"]
[BlackElo "1993"]

1. e4 d6 2. d4 g6 
3. Nc3 Bg7 4. Be3 e6
5. Qd2 
a6 6. h4 h6 7. f4 
Nf6 8. e5 Ng4 9. Be2
Nxe3 10.
Qxe3 h5 
11. O-O-O d5 12. Nf3 Nc6 
13. Ng5 Bd7 14. g4 Ne7
15. gxh5 gxh5 16. Bd3 
c5 17. dxc5 Qa5 18. f5
Bh6 19.
fxe6 Bxe6 20. a3 O-O-O 
21. Qf2 Nc6 22. Rde1 Kb8
23. Kb1 
Bxg5 24. hxg5 Rdg8 25. Qf6 
Nd8 26. c6 bxc6 27. Rh4
Bg4 28.
Reh1 d4 
29. Na2 Qd5 30. Nb4 Qe6 
31. Nxa6+ Ka7 32. Qf4 Qd7
33. Nc5 
Qd5 34. Ne4 Be6 35. b3 
Qa5 36. Nf6 c5 37. Nxg8
Rxg8 38.
Rxh5 Nc6 39. Rh6 Rb8 
40. Rxe6 fxe6 41. Rh7+ Kb6
42. a4 
c4 43. Bxc4 Qe1+ 44. Qc1 
Qxe5 45. Rh6 Nd8 46. Qa3
Kc6 47.
Bb5+ Kd5 48. Qb4 Qf4 
49. Rh7 Rxb5 50. Qxb5+ Ke4
51. Rh1 
Qg3 52. Qd3+ Kd5 53. Qxg3 
1-0

[Event "Zagreb open 2019."]
[Site "Zagreb, Croatia"]
[Date "2019.12.07"]
[Round "1.6"]
[White "Alfirevic, Duje"]
[Black "Cvitan, Ognjen"]
[Result "1/2-1/2"]
[WhiteElo "1990"]
[BlackElo "2488"]

1. e4 c5 2. Nf3 d6 
3. d4 cxd4 4. Nxd4 Nf6
5. Nc3 
g6 6. Be3 Bg7 7. f3 
Nc6 8. Qd2 O-O 9. O-O-O
d5 10.
Kb1 Nxd4 11. Bxd4 dxe4 
12. Bxf6 Qxd2 13. Rxd2 Bxf6
14. Nxe4 Be5 15. Bc4 
Bf5 16. Ng3 Rad8 17. Rxd8
Rxd8 18.
Nxf5 gxf5 19. Bd3 e6 
20. h3 Bg3 21. Rd1 Kg7
22. c3 
Kf6 23. Kc2 h5 24. Be2 
Rxd1 25. Bxd1 Kg5 26. Kd3
Kf4 27.
Ba4 h4 
28. Bd7 e5 29. Bc8 e4+ 
30. fxe4 fxe4+ 31. Ke2 b6
32. Bb7 
Ke5 33. Bc6 f5 34. Ke3 
Bf4+ 35. Ke2 Bc1 36. b3
Ba3 37.
Bb7 a5 
38. Bc8 Bb2 39. c4 Ba3 
40. Bd7 f4 41. Bc6 Kd4
42. Bb7 
e3 43. Bf3 Kc3 44. Kd1 
Kb2 45. Bg4 Kxa2 46. Kc2
Bb4 47.
Bf3 Ka3 
48. Bg4 Be1 49. Bh5 Kb4 
50. Be2 Bc3 51. Bf1 Bg7
52. Be2 
Bf6 53. Bf1 Kc5 54. Kd3 
Kb4 55. Kc2 1/2-1/2

[Event "Zagreb open 2019."]
[Site "Zagreb, Croatia"]
[Date "2019.12.07"]
[Round "1.7"]
[White "Enchev, Ivajlo"]
[Black "Cigrovski, Jakov"]
[Result "1-0"]
[WhiteElo "2482"]
[BlackElo "1982"]

1. d4 Nf6 2. c4 g6 
3. Nc3 Bg7 4. e4 d6
5. f3 
O-O 6. Nge2 e5 7. Be3 
Nh5 8. dxe5 dxe5 9. Qxd8
Rxd8 10.
Nd5 Na6 
11. O-O-O Be6 12. g4 Nf6 
13. Bg5 Nxd5 14. exd5 f6
15. Bh4 
Bf7 16. Nc3 Nc5 17. Be2 
a5 18. Rhf1 Bh6+ 19. Kc2
g5 20.
Bf2 Bg6+ 21. Kc1 Bf8 
22. Be3 Kg7 23. h4 h6
24. h5 
Bh7 25. Bxc5 Bxc5 26. Bd3 
Bxd3 27. Rxd3 c6 28. Rfd1
Bd4 29.
Ne2 c5 
30. Rb3 Rd7 31. Ng3 a4 
32. Rb5 Kh7 33. Nf5 Ra6
34. Kc2 
b6 35. Kd3 Rb7 36. Ke4 
Ra5 37. d6 1-0

[Event "Zagreb open 2019."]
[Site "Zagreb, Croatia"]
[Date "2019.12.07"]
[Round "1.8"]
[White "Hecimovic, Ivan"]
[Black "Strikovic, Aleksa"]
[Result "0-1"]
[WhiteElo "1979"]
[BlackElo "2468"]

1. b4 c5 2. bxc5 e5 
3. Bb2 Nc6 4. e3 Bxc5
5. c4 
Nf6 6. Nc3 O-O 7. d3 
d5 8. cxd5 Nxd5 9. Nf3
Bb4 10.
Rc1 Qa5 
11. Qb3 Nxc3 12. Bxc3 Be6 
13. Qb2 Rac8 14. Be2 Bxc3+
15. Rxc3 Ne7 0-1

[Event "Zagreb open 2019."]
[Site "Zagreb, Croatia"]
[Date "2019.12.07"]
[Round "1.9"]
[White "Kovacevic, Blazimir"]
[Black "Globan, Tomislav"]
[Result "1-0"]
[WhiteElo "2453"]
[BlackElo "1977"]

1. Nf3 c5 2. g3 e6 
3. Bg2 Nc6 4. O-O d5
5. c4 
Nf6 6. cxd5 exd5 7. d4 
h6 8. Nc3 c4 9. Ne5
Bb4 10.
Nxc6 bxc6 11. Qa4 Bxc3 
12. bxc3 O-O 13. f3 Re8
14. e4 
Bd7 15. Qc2 Qc8 16. Ba3 
Rb8 17. Bd6 Rb5 18. Rab1
Rb6 19.
Bc5 Ra6 
20. Rb2 Bh3 21. e5 Bxg2 
22. Kxg2 Nd7 23. Bd6 c5
24. f4 
cxd4 25. cxd4 Rb6 26. Rxb6 
Nxb6 27. Rf3 Qd7 28. Ra3
g6 29.
f5 Kg7 
30. Rf3 Qa4 31. Qd2 c3 
32. Qxc3 Qxa2+ 33. Rf2 Qb1
34. f6+ 
Kg8 35. Qc2 Qb5 36. Qc1 
Kh7 37. Qc7 Kg8 38. Qxa7
Nc4 39.
Be7 Ne3+ 40. Kh3 Qc6 
41. g4 Qe6 42. Rg2 Nxg2 
43. Kxg2 Qxg4+ 44. Kf2 Qe6 
45. Qb7 Rc8 46. Bc5 Qc6
47. Qe7 
Ra8 48. Qd6 Qb7 49. e6 
Ra2+ 50. Kg3 fxe6 51. Qf8+
Kh7 52.
Be7 Qb3+ 53. Kf4 g5+ 
54. Ke5 Qe3+ 55. Kd6 Ra6+
56. Kd7 
Kg6 57. Qg7+ Kh5 58. f7 
Qb3 59. Bd6 Qb7+ 60. Kxe6
Qc8+ 61.
Ke5 Ra2 
62. f8=Q Re2+ 63. Kxd5 Qe6+ 
64. Kc6 Rc2+ 65. Kb6 Rb2+
66. Kc7 
Rc2+ 67. Bc5 1-0

[Event "Zagreb open 2019."]
[Site "Zagreb, Croatia"]
[Date "2019.12.07"]
[Round "1.10"]
[White "Ognjacevic, Alen"]
[Black "Plenca, Jadranko"]
[Result "0-1"]
[WhiteElo "1966"]
[BlackElo "2453"]

1. e4 e5 2. Nf3 Nc6 
3. Bb5 a6 4. Ba4 d6
5. O-O 
Bd7 6. c3 g6 7. Qe2 
Bg7 8. Rd1 Nf6 9. d4
Qe7 10.
d5 Nb8 
11. Bc2 O-O 12. h3 h6 
13. c4 Nh7 14. Ne1 f5
15. Nc3 
f4 16. f3 g5 17. Nd3 
h5 18. Nf2 Nf6 19. Kf1
g4 20.
hxg4 hxg4 21. Ke1 Qf7 
22. Nd3 a5 23. c5 Na6
24. Qf2 
Nh7 25. Ba4 Bf6 26. Bxd7 
Qxd7 27. cxd6 cxd6 28. Ke2
Nb4 29.
Rh1 Ng5 
30. Bd2 Nxd3 31. Kxd3 b5 
32. a4 bxa4 33. Rh6 Qg7
34. Qh4 
Nxe4 35. Qh5 Ng3 36. Qg6 
gxf3 37. gxf3 Qxg6+ 38.
Rxg6+ Kf7 39. Rg4 Rfb8 
40. Kc2 Rh8 41. Rxa4 Rh2
42. Ne4 
Nxe4 43. fxe4 Rc8+ 44. Kd3 
Rh3+ 45. Ke2 f3+ 46. Kf1
Rc2 47.
Be3 Rxb2 48. Rxa5 Rh1+ 
49. Bg1 f2 50. Ra7+ Be7
51. Ra1 
Rxg1+ 52. Rxg1 fxg1=Q+ 53. Kxg1 Bg5 54. Ra7+
Kg6 55.
Rd7 Be3+ 56. Kf1 Bc5 
0-1

[Event "Zagreb open 2019."]
[Site "Zagreb, Croatia"]
[Date "2019.12.07"]
[Round "1.11"]
[White "Janzelj, Tim"]
[Black "Skrbec, Leon"]
[Result "1-0"]
[WhiteElo "2446"]
[BlackElo "1966"]

1. d4 Nf6 2. c4 e6 
3. Nc3 Bb4 4. Bd2 b6
5. Nf3 
Bb7 6. e3 O-O 7. Bd3 
d5 8. cxd5 exd5 9. O-O
c5 10.
dxc5 bxc5 11. a3 Ba5 
12. Na4 Bb6 13. b4 c4
14. Nxb6 axb6 15. Bf5 
Nc6 16. b5 Ne7 17. Bc2
Re8 18.
Qb1 Ne4 
19. Rd1 Qc7 20. Be1 Ng6 
21. a4 f5 22. Nd4 f4
23. f3 
Nf6 24. Bxg6 hxg6 25. Qxg6 
Rxe3 26. Nf5 Rae8 27. Bh4
R3e6 28.
Bxf6 Rf8 29. Nh6+ 1-0

[ePGN "0.1;DGT LiveChess/2.2.5"]

[Event "Zagreb open 2019."]
[Site "Zagreb, Croatia"]
[Date "2019.12.08"]
[Round "2.1"]
[White "Frouth, Nenad"]
[Black "Kozul, Zdenko"]
[Result "0-1"]
[WhiteElo "2195"]
[BlackElo "2590"]

1. Nf3 d5 2. d4 c6 
3. Bf4 Qb6 4. Qc1 Bg4
5. Nbd2 
Nd7 6. e3 e6 7. Bd3 
Ngf6 8. h3 Bxf3 9. Nxf3
c5 10.
c3 Bd6 
11. Ne5 O-O 12. Qb1
h6 13. Bh2 cxd4 14. exd4 
Bxe5 15. dxe5 Ne4 16. Bxe4
dxe4 17.
Qxe4 Qxb2 18. O-O b6 
19. Rad1 Nc5 20. Qh4 Qxa2
21. Rd4 
Qc2 22. Rg4 Kh7 23. Bf4 Rg8 
24. Rg5 Rh8 25. Rc1 Qe2
26. Rg3 
Rhg8 27. Be3 Rac8 28. Rb1 
Nd7 29. Qe4+ Kh8 30. Qh4
Qc2 31.
Ra1 a5 
32. Qf4 Qf5 33. Qd4 Nxe5 
34. Qxb6 Nc4 35. Qa7 Ra8
36. Qd4 
Nxe3 37. Rxe3 Rgd8 38. Qa4 
Qc5 39. Rf3 f6 40. Qe4
e5 41.
Qg6 a4 
42. Rxf6 Qxc3 43. Rb1 e4 
44. Rc6 Qd4 45. Rb7 e3
46. fxe3 Qxe3+ 47. Kh2 
Qf4+ 48. Qg3 Qxg3+ 49. Kxg3
a3 50.
Rb1 a2 
51. Ra1 Rd2 52. Rcc1 Rb8 
53. Kh2 Kg8 54. Rf1 Rbb2
55. Rg1 
Kf7 56. Rac1 Ke6 57. Rc6+ 
Rd6 58. Rcc1 Kd7 59. Kg3
Rdd2 60.
h4 Kd6 
61. Kf3 Rf2+ 62. Kg3 Rfc2 
63. Rce1 Kd5 64. Rd1+ Kc4
65. Rdf1 Kb3 66. Kh2 
Rc4 67. Kh3 Rbc2 0-1

[Event "Zagreb open 2019."]
[Site "Zagreb, Croatia"]
[Date "2019.12.08"]
[Round "2.2"]
[White "Nikolov, Momchil"]
[Black "Medic, Mirjana"]
[Result "1-0"]
[WhiteElo "2533"]
[BlackElo "2190"]

1. d4 e6 2. c4 f5 
3. Nf3 Nf6 4. e3 d5 
5. Bd3 c6 6. O-O Bd6
7. b3 
Qe7 8. Bb2 O-O 9. Nc3 
Ne4 10. Ne2 b6 11. Rc1
Bb7 12.
Ne5 c5 
13. cxd5 exd5 14. f3 Ng5 
15. Ng3 g6 16. f4 Ne6
17. dxc5 Bxc5 18. Rf3 
Nd7 19. Nxf5 Rxf5 20. Bxf5
gxf5 21.
Rg3+ Kf8 22. Qh5 Nxe5 
23. Bxe5 Qf7 24. Qh6+ Ke7
25. b4 
Rg8 26. bxc5 bxc5 27. Rb1 
Bc6 28. Rxg8 Qxg8 29. Qf6+
Kd7 30.
Rb8 Qg6 
31. Qxg6 hxg6 32. Rg8 d4 
33. exd4 cxd4 34. Rxg6 d3
35. Kf2 
Bb5 36. Ke3 a6 37. h4 
1-0

[Event "Zagreb open 2019."]
[Site "Zagreb, Croatia"]
[Date "2019.12.08"]
[Round "2.3"]
[White "Kotronias, Vasilios"]
[Black "Zadravec, Matija"]
[Result "1-0"]
[WhiteElo "2506"]
[BlackElo "2186"]

1. e4 e5 2. Nf3 Nc6 
3. Bb5 Nge7 4. c3 d5
5. Nxe5 
dxe4 6. Qe2 Qd5 7. f4 
exf3 8. Nxf3 Qe6 9. d4
Qxe2+ 
10. Kxe2 Bd7 11. Kf2 f6 
12. Nbd2 O-O-O 13. Ne4 Nf5
14. Bd3 
b6 15. Re1 Re8 16. Nxf6 
Rxe1 17. Nxd7 Rxc1 18. Nxb6+
Kb7 19.
Rxc1 Nfxd4 20. cxd4 Kxb6 
21. Rxc6+ Kxc6 22. Ne5+ Kd5
23. Nf7 
1-0

[Event "Zagreb open 2019."]
[Site "Zagreb, Croatia"]
[Date "2019.12.08"]
[Round "2.4"]
[White "Selendic, Ivan"]
[Black "Livaic, Leon"]
[Result "0-1"]
[WhiteElo "2192"]
[BlackElo "2505"]

1. e4 c5 2. Nf3 d6 
3. c3 Nf6 4. h3 g6
5. Bd3 
Bg7 6. O-O O-O 7. Bc2 
Nc6 8. Re1 e5 9. d4
cxd4 10.
cxd4 exd4 11. Nxd4 Nxd4 12. Qxd4 Re8 13. Qd1
d5 14.
Nc3 dxe4 15. Qxd8 Rxd8 
16. Nxe4 Nxe4 17. Bxe4 Re8
18. Kf1 
Be6 19. f3 Bc4+ 20. Kf2 
f5 21. Bxb7 Bd4+ 22. Kg3
Rxe1 23.
Bxa8 a6 
24. Bc6 h6 25. Ba4 Kf7 26. Bb3
Bxb3 27.
axb3 Be3 28. Bxe3 Rxa1 
29. Kf4 Rd1 30. g4 fxg4
31. hxg4 Rd3 32. Ke4 
Rxb3 33. Bxh6 Rxb2 34. Be3
a5 35.
Kd3 Rb3+ 36. Kd2 a4 
0-1

[Event "Zagreb open 2019."]
[Site "Zagreb, Croatia"]
[Date "2019.12.08"]
[Round "2.5"]
[White "Soldo, Robert"]
[Black "Enchev, Ivajlo"]
[Result "0-1"]
[WhiteElo "2190"]
[BlackElo "2482"]

1. d4 Nf6 2. Bg5 e6 
3. e4 h6 4. Bxf6 Qxf6
5. Nf3 
d5 6. Nbd2 c5 7. exd5 
exd5 8. Bb5+ Nc6 9. c4
Qe6+ 10.
Qe2 Qxe2+ 11. Kxe2 Be6 
12. dxc5 Bxc5 13. Rhc1 d4
14. Ne4 
d3+ 15. Kf1 Be7 16. Ne5 
Rc8 17. Bxc6+ bxc6 18. Nxd3
O-O 19.
b3 Bf5 
20. Re1 Rfd8 21. Rad1 Rd4 
22. f3 a5 23. Ndc5 Rcd8
24. Rxd4 Rxd4 25. Ke2 
Bg6 26. g4 f5 27. gxf5
Bxf5 28.
Rd1 Bxc5 29. Nxc5 Rh4 
30. Rh1 Kf7 31. Ke3 Kf6
32. a4 
Rh5 33. Rd1 Rxh2 34. Rd6+ 
Kg5 35. Rxc6 Rb2 36. Rb6
h5 37.
Rb5 h4 
38. Ne4+ Kg6 39. Kf4 Bxe4 
40. fxe4 Rg2 41. Rb8 Kh7
42. Rd8 
h3 43. Rd3 g5+ 44. Kf5 
g4 45. Rd7+ Kh6 46. Rd8
h2 47.
c5 g3 
48. Kg4 Kg7 49. Rd7+ Kf6 
0-1

[Event "Zagreb open 2019."]
[Site "Zagreb, Croatia"]
[Date "2019.12.08"]
[Round "2.6"]
[White "Strikovic, Aleksa"]
[Black "Blagojevic, Marijan"]
[Result "1-0"]
[WhiteElo "2468"]
[BlackElo "2180"]

1. c4 Nf6 2. Nc3 g6 
3. e4 d6 4. d4 Bg7
5. f3 
O-O 6. Bg5 Nbd7 7. Qd2 
e5 8. d5 a5 9. Nge2
Nc5 10.
Ng3 Re8 
11. Be2 Qe7 12. O-O Qf8 
13. Nb5 Re7 14. b3 h6
15. Be3 Ne8 16. Rab1 b6
17. Bd1 
Bd7 18. Nc3 Kh7 19. a3 
h5 20. b4 axb4 21. axb4
Nb7 22.
Bc2 Nf6 
23. Ra1 Ree8 24. Ba4 Bxa4 
25. Nxa4 h4 26. Ne2 Nh5
27. Nac3 Qe7 28. Nb5 
f6 29. Ra2 Qd7 30. Rfa1
Rxa2 31.
Rxa2 Re7 32. Ra7 Qc8 
33. h3 Bf8 34. Qa2 Nd8
35. Qa6 
Qxa6 36. Rxa6 Ng7 37. Ra8 
Rd7 38. Ra7 1-0

[Event "Zagreb open 2019."]
[Site "Zagreb, Croatia"]
[Date "2019.12.08"]
[Round "2.7"]
[White "Starcevic, Ante Leon"]
[Black "Kovacevic, Blazimir"]
[Result "0-1"]
[WhiteElo "2183"]
[BlackElo "2453"]

1. d4 f5 2. e4 fxe4 
3. Nc3 Nf6 4. Bg5 Nc6
5. Bxf6 
exf6 6. d5 Ne5 7. Nxe4 
f5 8. Ng3 Qe7 9. Qe2
g6 10.
O-O-O Ng4 11. Re1 Qxe2 
12. Rxe2+ Kf7 13. Nf3 Bh6+
14. Kb1 
d6 15. h4 Bf4 16. Ng5+ 
Kf6 17. Nh3 Bxg3 18. fxg3
Bd7 19.
Re1 Rae8 20. Be2 Ne3 
21. Bf3 Re5 22. Nf4 Rhe8
23. Nd3 
R5e7 24. b3 Ng4 25. Bxg4 
fxg4 26. Rhf1+ Bf5 27. Rxe7
Rxe7 28.
Kc1 Re2 
29. Rf2 Rxf2 30. Nxf2 b5 
31. Nd1 Ke5 32. Ne3 Kd4
33. Kd2 
b4 34. h5 Be4 35. hxg6 
hxg6 36. Nxg4 Bxd5 37. Nf6
Bf7 38.
g4 c5 
39. g5 Be6 40. Ne8 Ke5 
41. c4 Bd7 42. Nf6 Bc6
43. g3 
a5 44. Ke3 a4 45. g4 
a3 46. Kd3 Kf4 0-1

[Event "Zagreb open 2019."]
[Site "Zagreb, Croatia"]
[Date "2019.12.08"]
[Round "2.8"]
[White "Plenca, Jadranko"]
[Black "Abramovic, Darko"]
[Result "1-0"]
[WhiteElo "2453"]
[BlackElo "2180"]

1. e4 e6 2. d4 d5 
3. Nc3 dxe4 4. Nxe4 Bd7
5. Nf3 
Bc6 6. Bd3 Be7 7. O-O 
Nf6 8. Ng3 O-O 9. Ne5
Qd5 10. Nxc6 Nxc6 11. Be3
Rad8 12.
c3 Nb8 
13. Qe2 c5 14. Rfd1 Qc6 
15. dxc5 Bxc5 16. Bg5 Nbd7
17. Bb5 
Qc7 18. Bxd7 Rxd7 19. Bxf6 
Rxd1+ 20. Rxd1 gxf6 21. Nh5
f5 22.
Rd7 Qb8 
23. Nf6+ Kg7 24. Qxe6 Bxf2+ 
25. Kxf2 Qf4+ 26. Ke2 Qg5
27. Nd5 
Qxg2+ 28. Kd3 Qf1+ 29. Kc2 
1-0

[Event "Zagreb open 2019."]
[Site "Zagreb, Croatia"]
[Date "2019.12.08"]
[Round "2.9"]
[White "Ljubic, Juro"]
[Black "Janzelj, Tim"]
[Result "1/2-1/2"]
[WhiteElo "2180"]
[BlackElo "2446"]

1. b3 e5 2. Bb2 Nc6 3.
c4 f5 4.
e3 Nf6 
5. Nf3 e4 6. Nd4 Nxd4 
7. Bxd4 b6 8. Nc3 Bb7
9. Be2 
Bd6 10. Qc2 c5 11. Nb5 
Bb8 12. Bb2 a6 13. Nc3
Qe7 14.
d3 O-O 
15. O-O-O b5 16. dxe4 fxe4 
17. cxb5 axb5 18. Bxb5 d5
19. Kb1 
Be5 20. Ne2 Bxb2 21. Qxb2 
Kh8 22. Nf4 Ra5 23. a4
Qd6 24.
b4 cxb4 
25. Rd4 Rb8 26. Rc1 b3 
27. Rc3 h6 28. h4 1/2-1/2

[Event "Zagreb open 2019."]
[Site "Zagreb, Croatia"]
[Date "2019.12.08"]
[Round "3.1"]
[White "Kozul, Zdenko"]
[Black "Bukal, Vladimir Jr."]
[Result "1-0"]
[WhiteElo "2590"]
[BlackElo "2393"]

1. d4 e6 2. c4 b6 
3. e4 Bb7 4. Bd3 Bb4+
5. Bd2 
Bxd2+ 6. Nxd2 Nc6 7. Ne2 
Qf6 8. Nf3 g5 9. e5
Qg7 10.
O-O g4 
11. Nd2 f6 12. Qa4 fxe5 
13. d5 Nd8 14. Ng3 Nh6
15. Nde4 O-O 16. Nh5 
Qe7 17. Qxd7 Qxd7 18. Nef6+
Kh8 19.
Nxd7 Re8 20. Rfe1 exd5 
21. cxd5 Ndf7 22. Ndf6 Red8
23. Rac1 Rac8 24. Bc4 
c6 25. dxc6 Rxc6 26. Bxf7
Nxf7 27.
Rxc6 Bxc6 28. Nxg4 Rd2 
29. h3 Rc2 30. a3 1-0

[Event "Zagreb open 2019."]
[Site "Zagreb, Croatia"]
[Date "2019.12.08"]
[Round "3.2"]
[White "Loncar, Robert"]
[Black "Nikolov, Momchil"]
[Result "0-1"]
[WhiteElo "2389"]
[BlackElo "2533"]

1. Nf3 c5 2. c4 Nf6 
3. e3 d5 4. cxd5 Nxd5
5. Nc3 
e6 6. d4 cxd4 7. exd4 
Nxc3 8. bxc3 Qc7 9. Bd2
Nd7 10.
Bd3 Bd6 
11. O-O b6 12. c4 O-O 
13. Re1 Bb7 14. h3 Bf4
15. Be3 
Rfd8 16. Qd2 Bxe3 17. Qxe3 
Rac8 18. Bf1 Qd6 19. Red1
Qb4 20.
Rac1 Rc7 21. a3 Qa4 
22. d5 exd5 23. Qe7 Rdc8
24. cxd5 Nc5 25. Qe5 
Nd3 26. Qxc7 Rxc7 27. Rxc7
Qxd1 28.
Rxb7 h6 
29. Rxa7 Nf4 30. Ra8+ Kh7 
31. Re8 Nxh3+ 32. gxh3 Qxf3 
33. d6 Qd5 34. Re3 Qxd6 
35. Rd3 Qc5 36. Rf3 f5
37. Bd3 
g6 38. Bf1 Kg7 39. Rb3 
Kf6 40. Rb5 Qc7 41. Rb3
h5 42.
Rb4 g5 
43. Rb5 g4 44. hxg4 hxg4 
45. Rb3 f4 46. Rb4 Kg5
47. Rb5+ Kh4 48. Bd3 
Qc1+ 49. Bf1 g3 50. Rb3
Qc2 51.
fxg3+ fxg3 52. Rb4+ Kg5 
53. Rb5+ Kf4 54. Rb4+ Ke5
0-1

[Event "Zagreb open 2019."]
[Site "Zagreb, Croatia"]
[Date "2019.12.08"]
[Round "3.3"]
[White "Brumen, Dinko"]
[Black "Kotronias, Vasilios"]
[Result "0-1"]
[WhiteElo "2325"]
[BlackElo "2506"]

1. d4 Nf6 2. Nf3 g6 
3. c4 Bg7 4. Nc3 O-O
5. e4 
d6 6. Be2 e5 7. dxe5 
dxe5 8. Qxd8 Rxd8 9. Bg5
c6 10.
Nxe5 Re8 11. f4 Nh5 
12. Bxh5 gxh5 13. Bh4 Nd7
14. O-O 
Nxe5 15. fxe5 Rxe5 16. Bf6 
Rc5 17. b3 Bxf6 18. Rxf6
b5 19.
a4 b4 
20. Ne2 Re5 21. Nd4 c5 
22. Nf3 Rxe4 23. Ng5 Rg4
24. Nxf7 Kg7 25. Rf2 
Be6 26. Ne5 Re4 27. Nd3
Rc8 28.
Nf4 Bf7 
29. Rd1 Rce8 30. Rd7 R8e7 
31. Rxe7 Rxe7 32. Nd3 Bg6
33. Nxc5 a5 34. h4 
Re5 35. Nb7 Be8 36. Nd6
Bg6 37.
Nb7 Be8 
38. Kh2 Bc6 39. Nd6 Kg6 
40. Nb5 Re4 41. Rd2 Rxh4+
42. Kg1 
Rf4 43. c5 Rf7 44. Nd6 
Rd7 45. Kf2 Kf6 46. Ke3
Ke6 47.
g3 Rg7 
48. Kf2 Rg5 49. Re2+ Kd7 
50. Rd2 Kc7 51. Re2 Rxc5
52. Nc4 
Bxa4 53. Nxa5 Rxa5 54. bxa4 
Rxa4 55. Re7+ Kb6 56. Rxh7
b3 57.
Rh6+ Kc5 58. Rxh5+ Kb4 
59. Rh8 Kc3 60. Rc8+ Rc4
61. Rh8 
b2 62. Rh1 Kd2 63. Kf3 
Rc1 64. Rh2+ Kc3 0-1

[Event "Zagreb open 2019."]
[Site "Zagreb, Croatia"]
[Date "2019.12.08"]
[Round "3.4"]
[White "Livaic, Leon"]
[Black "Rudolf, Michal"]
[Result "1/2-1/2"]
[WhiteElo "2505"]
[BlackElo "2328"]

1. d4 Nf6 2. c4 e6 
3. g3 d5 4. Bg2 c6
5. Nf3 
Bb4+ 6. Bd2 Bd6 7. Nc3 
O-O 8. Bg5 Nbd7 9. e4
dxe4 10.
Nxe4 Bb4+ 11. Nc3 h6 
12. Bf4 Qa5 13. Qc2 c5
14. O-O 
cxd4 15. Nb5 a6 16. Bc7 
Nb6 17. Nfxd4 Bc5 18. Nb3
Qa4 19.
Nd6 Qd7 
20. Bxb6 Bxb6 21. c5 Bd8 
22. Rfd1 Qc7 23. Rac1 Rb8
24. Qc3 
b6 25. c6 Nd5 26. Bxd5 
Qxd6 27. Bf3 Qc7 28. Nd2
Bg5 29.
h4 Bf6 
30. Qc2 e5 31. Ne4 Be7 
32. Nc3 Be6 33. Nd5 Bxd5
34. Bxd5 Rbd8 35. Qf5 
Bc5 36. h5 Rd6 37. Be4
g6 38.
Qf3 Kg7 
39. Rxd6 Qxd6 40. Qd3 f5 
41. Qxd6 Bxd6 42. Bd3 Bc7
43. Bxa6 Rd8 44. hxg6 
Kxg6 45. b4 Rd2 46. Bc4
e4 47.
a4 Kg5 
48. b5 Kg4 49. Kf1 f4 
50. gxf4 Kxf4 51. Be2 Ra2
52. Rd1 
Rxa4 53. Rd7 Be5 54. Rf7+ 
Kg5 55. Kg2 Ra2 56. Bc4
Rc2 57.
Be6 Kg6 
58. Kf1 Rc5 59. Rb7 Kf6 
60. Bh3 Rc2 61. Rxb6 Rxf2+
62. Ke1 
Kg5 63. Rb7 Rb2 64. c7 
Bxc7 65. Rxc7 Rxb5 66. Bg2
Kf4 67.
Rc4 Rb1+ 68. Kf2 Rb2+ 
69. Kg1 Rb1+ 70. Kh2 Re1
71. Rc8 
Ra1 72. Rf8+ Ke3 73. Re8 
Ra4 74. Kg3 Rd4 75. Re5
h5 76.
Rxh5 Kd2 77. Bf1 Ke3 
78. Ra5 Rd8 79. Ra3+ Rd3
80. Ra2 
Rd2 81. Ra1 Kd4 82. Re1 
e3 83. Be2 Ke4 84. Bh5
Rf2 85.
Bg6+ Kd4 86. Ra1 Rf6 
87. Rd1+ Ke5 88. Bh5 Ke4
89. Rd8 
Ke5 90. Bg4 Ke4 91. Bh5 
Ke5 92. Be2 Rf2 93. Bf3
Rd2 94.
Re8+ Kd4 95. Kf4 Rd3 
96. Be2 Rc3 97. Rd8+ Kc5
98. Ke4 
Kb4 99. Bd3 e2 100. Bxe2 
Rc2 101. Bd3 Rb2 102. Kd4
Kb3 103.
Kc5 Kc3 
104. Bc4 Rd2 105. Rh8 Rb2 
106. Ra8 Kc2 107. Bd5 Kc3
108. Ra3+ Kd2 109. Kd4 
Rb4+ 110. Bc4 Rb2 111. Bb3
Kc1 112.
Ke3 Rb1 
113. Bd5 Kb2 114. Ra7 Rd1 
115. Be4 Kc3 116. Rc7+ Kb4
117. Bd3 Rh1 118. Kd4 
Rh4 119. Be4 Rh5 120. Rg7
Rb5 121.
Rg1 Rb6 
122. Bd5 Kb5 123. Rc1 Kb4 
124. Bc6 Ka5 125. Be8 Kb4
126. Rc4+ Kb3 127. Ba4+ 
Ka3 128. Bc2 Rb4 129. Rxb4
Kxb4 1/2-1/2

[Event "Zagreb open 2019."]
[Site "Zagreb, Croatia"]
[Date "2019.12.08"]
[Round "3.5"]
[White "Enchev, Ivajlo"]
[Black "Sokac, Marko"]
[Result "1-0"]
[WhiteElo "2482"]
[BlackElo "2316"]

1. d4 Nf6 2. c4 e6 
3. Nc3 Bb4 4. Qc2 Nc6
5. Nf3 
d6 6. a3 Bxc3+ 7. Qxc3 
O-O 8. b4 Re8 9. Bb2
e5 10.
d5 Ne7 
11. Nd2 Bf5 12. f3 c6 
13. e4 Bd7 14. dxc6 Nxc6
15. Qe3 
Nh5 16. g3 Qf6 17. Bg2 
b5 18. O-O Rac8 19. Rac1
bxc4 20.
Nxc4 d5 
21. exd5 Nd4 22. f4 Qa6 
23. fxe5 Nf5 24. Qf3 Nhxg3
25. hxg3 Rxc4 26. Rxc4 
Qxc4 27. Bh3 g6 28. g4
Nh6 29.
e6 fxe6 
30. Qf6 e5 31. Bxe5 Rxe5 
32. Qf8# 1-0

[Event "Zagreb open 2019."]
[Site "Zagreb, Croatia"]
[Date "2019.12.08"]
[Round "3.6"]
[White "Ongut, Tamas Gunes"]
[Black "Strikovic, Aleksa"]
[Result "0-1"]
[WhiteElo "2288"]
[BlackElo "2468"]

1. e4 d6 2. d4 Nf6 
3. Nc3 e5 4. Nf3 Nbd7
5. Rg1 
exd4 6. Nxd4 Nc5 7. Qe2 
Qe7 8. Bg5 c6 9. f3
Ne6 10.
Be3 Nxd4 11. Bxd4 g6 
12. e5 dxe5 13. Qxe5 Qxe5+
14. Bxe5 Bg7 15. Ne4 
Nh5 16. Bxg7 Nxg7 17. O-O-O
Ke7 18.
Bc4 Be6 
19. Nd6 b6 20. Bxe6 Nxe6 
21. Nc4 Rhd8 22. Ne5 Rac8
23. Rxd8 Nxd8 24. c3 
f6 25. Nd3 Ne6 26. Re1
Kf7 27.
Kc2 c5 
28. Nf2 c4 29. Rd1 Ke7 
30. Ng4 Rc5 31. Ne3 Nc7
32. Rd4 
b5 33. a4 a6 34. axb5 
axb5 35. f4 Rh5 36. h3
Ne6 37.
Re4 Kd6 
38. f5 gxf5 39. Rh4 Rxh4 
40. Nxf5+ Ke5 41. Nxh4 Kf4
42. b3 
Kg3 43. Nf5+ Kxg2 44. bxc4 
bxc4 45. Ne3 Kxh3 46. Nxc4
f5 47.
Kd2 f4 
48. Ke2 Kg2 49. Nd2 Ng5 
50. c4 f3+ 51. Ke3 f2
52. c5 
Ne6 53. c6 h5 54. Ke4 
h4 55. Ke5 Nc7 56. Kd6
Na6 57.
Nc4 f1=Q 58. Ne3+ Kf2 
59. Nxf1 Kxf1 60. c7 Nxc7
0-1